Follow the leader: (Record no. 8852)
[ view plain ]
| 000 -LEADER | |
|---|---|
| fixed length control field | 01062nam a22002297a 4500 |
| 001 - CONTROL NUMBER | |
| control field | 8852 |
| 003 - CONTROL NUMBER IDENTIFIER | |
| control field | FISKH |
| 005 - DATE AND TIME OF LATEST TRANSACTION | |
| control field | 20251023110832.0 |
| 008 - FIXED-LENGTH DATA ELEMENTS--GENERAL INFORMATION | |
| fixed length control field | 251023b cb ||||| |||| 00| 0 eng d |
| 040 ## - CATALOGING SOURCE | |
| Original cataloging agency | FISKH |
| Language of cataloging | eng |
| Transcribing agency | FISKH |
| Modifying agency | FISKH |
| 050 ## - LIBRARY OF CONGRESS CALL NUMBER | |
| Classification number | PZ7.D182 F |
| 082 ## - DEWEY DECIMAL CLASSIFICATION NUMBER | |
| Classification number | 813.54 |
| 100 ## - MAIN ENTRY--PERSONAL NAME | |
| Personal name | Damashek, Sandy |
| 245 ## - TITLE STATEMENT | |
| Title | Follow the leader: |
| Remainder of title | Featuring Jim Henson's Sesame Street muppets / |
| Statement of responsibility, etc. | by Sandy Damashek ; Illustrated by Tom Cooke |
| 260 ## - PUBLICATION, DISTRIBUTION, ETC. | |
| Place of publication, distribution, etc. | New York : |
| Name of publisher, distributor, etc. | Golden Press, |
| Date of publication, distribution, etc. | 1981. |
| 300 ## - PHYSICAL DESCRIPTION | |
| Extent | 26 unnumbered pages : |
| Other physical details | color illustrations ; |
| Dimensions | 26 cm |
| 520 ## - SUMMARY, ETC. | |
| Summary, etc. | In this lively Sesame Street story, Big Bird and his friends play a fun game of “Follow the Leader.” Each Muppet takes turns leading the group in playful actions—marching, jumping, clapping, and dancing. Through the cheerful illustrations and rhythmic text, young readers learn about following directions, cooperation, and having fun together. |
| 650 ## - SUBJECT ADDED ENTRY--TOPICAL TERM | |
| Topical term or geographic name entry element | Picture Book |
| Form subdivision | Sesame Street |
| General subdivision | Friendship |
| 700 ## - ADDED ENTRY--PERSONAL NAME | |
| Personal name | Cooke, Tom |
| Relator term | illustrator |
| 942 ## - ADDED ENTRY ELEMENTS (KOHA) | |
| Source of classification or shelving scheme | Dewey Decimal Classification |
| Koha item type | Books |
| Suppress in OPAC | No |
| Withdrawn status | Lost status | Source of classification or shelving scheme | Damaged status | Not for loan | Collection | Home library | Current library | Shelving location | Date acquired | Total Checkouts | Full call number | Barcode | Date last seen | Copy number | Price effective from | Koha item type |
|---|---|---|---|---|---|---|---|---|---|---|---|---|---|---|---|---|
| Dewey Decimal Classification | Non-Fiction | Footprints International School Library Network Toul Kork Campus | Footprints International School Library Network Toul Kork Campus | Librarian's Shelf TK | 10/23/2025 | DAM 813.54 PZ7.D182 F | 2025-4715 | 10/23/2025 | 1 | 10/23/2025 | Books |
